[Event "2BLO 2122 MSA Zugzwang - Nickelhütte A"]
[Site "?"]
[Date "2022.05.01"]
[Round "4.1"]
[White "Prohaszka, Peter"]
[Black "Short, Nigel D"]
[Result "1-0"]
[WhiteElo "2570"]
[BlackElo "2620"]
[PlyCount "137"]
[EventDate "2022.??.??"]

1. d4 Nf6 2. c4 e6 3. Nf3 Bb4+ 4. Bd2 Bxd2+ 5. Qxd2 O-O 6. Nc3 d5 7. Rc1 Qe7 8.
e3 Rd8 9. Qc2 h6 10. a3 Nbd7 11. cxd5 exd5 12. Bd3 c5 13. dxc5 Nxc5 14. O-O Bg4
15. Nd4 Rac8 16. h3 Bd7 17. Rfd1 a6 18. Be2 b5 19. Qb1 Qe5 20. Nf3 Qf5 21. Qxf5
Bxf5 22. Nd4 Bg6 23. f3 Rc7 24. b4 Nb7 25. Ne4 Ne8 26. Rxc7 Nxc7 27. Rc1 Ne6
28. Nxe6 fxe6 29. Nf2 Be8 30. Nd3 Nd6 31. Nc5 Kf8 32. f4 Ke7 33. Kf2 Ra8 34.
Bd3 a5 35. e4 axb4 36. axb4 dxe4 37. Nxe4 Nxe4+ 38. Bxe4 Ra4 39. Rb1 Kf6 40.
Bf3 Bg6 41. Rb2 Bd3 42. Ke3 Ra3 43. Kd4 g5 44. Rd2 Bc4 45. fxg5+ Kxg5 46. Be2
e5+ 47. Kc5 Bxe2 48. Rxe2 Kf4 49. Kxb5 Rb3 50. Kc4 Rb1 51. g3+ Kf5 52. Re3 e4
53. Rb3 Rc1+ 54. Kd4 Rd1+ 55. Ke3 Rh1 56. h4 Rf1 57. Ke2 Rc1 58. b5 Kg4 59. b6
Rc8 60. b7 Rb8 61. Ke3 Kxg3 62. h5 Kg4 63. Rb5 Kh4 64. Kxe4 Kg4 65. Kd3 Kg3 66.
Ke4 Kg4 67. Ke3 Kh4 68. Kf4 Rf8+ 69. Ke5 1-0

[Event "2BLO 2122 MSA Zugzwang - Nickelhütte A"]
[Site "?"]
[Date "2022.05.01"]
[Round "4.2"]
[White "Mons, Leon"]
[Black "Antal, Gergely"]
[Result "0-1"]
[WhiteElo "2541"]
[BlackElo "2561"]
[PlyCount "92"]
[EventDate "2022.??.??"]

1. Nf3 Nf6 2. g3 g6 3. b3 Bg7 4. Bb2 O-O 5. Bg2 c5 6. c4 d6 7. d4 d5 8. Nbd2
cxd4 9. Nxd4 e5 10. Nb5 a6 11. Na3 Nc6 12. O-O Be6 13. cxd5 Nxd5 14. Ne4 Qe7
15. Nc4 b5 16. Ba3 Ndb4 17. Bxb4 Nxb4 18. Qd6 Ra7 19. Qxe7 Rxe7 20. Ne3 f5 21.
a3 Nc6 22. Nf6+ Bxf6 23. Bxc6 Bxb3 24. Bd5+ Bxd5 25. Nxd5 Rb7 26. Nxf6+ Rxf6
27. Rac1 Rd6 28. Rc5 e4 29. Rfc1 Rd2 30. Rc8+ Kg7 31. R1c7+ Rxc7 32. Rxc7+ Kh6
33. Ra7 Rxe2 34. Rxa6 Kg5 35. h3 Rb2 36. a4 b4 37. Rb6 b3 38. a5 h5 39. h4+ Kg4
40. Kg2 f4 41. Rxg6+ Kf5 42. Rg5+ Kf6 43. gxf4 e3 44. a6 e2 45. Re5 Ra2 46. a7
b2 0-1

[Event "2BLO 2122 MSA Zugzwang - Nickelhütte A"]
[Site "?"]
[Date "2022.05.01"]
[Round "4.3"]
[White "Slobodjan, Roman"]
[Black "Bromberger, Stefan"]
[Result "1/2-1/2"]
[WhiteElo "2446"]
[BlackElo "2481"]
[PlyCount "27"]
[EventDate "2022.??.??"]

1. e4 c5 2. Nf3 d6 3. d4 cxd4 4. Nxd4 Nf6 5. Nc3 a6 6. a3 e6 7. Bc4 Nxe4 8.
Nxe4 d5 9. Bg5 Be7 10. Bxe7 Qxe7 11. Qe2 dxc4 12. Qxc4 O-O 13. O-O-O e5 14. Ne2
1/2-1/2

[Event "2BLO 2122 MSA Zugzwang - Nickelhütte A"]
[Site "?"]
[Date "2022.05.01"]
[Round "4.4"]
[White "Hertneck, Gerald"]
[Black "Londyn, Radek"]
[Result "0-1"]
[WhiteElo "2478"]
[BlackElo "2384"]
[PlyCount "82"]
[EventDate "2022.??.??"]

1. d4 d5 2. Nf3 Nf6 3. c4 dxc4 4. e3 b5 5. a4 b4 6. Bxc4 e6 7. O-O Be7 8. Nbd2
O-O 9. e4 Ba6 10. Qe2 Qc8 11. b3 c5 12. Bb2 Bxc4 13. Nxc4 cxd4 14. Bxd4 Nc6 15.
Bxf6 Bxf6 16. e5 Be7 17. Rac1 Qa6 18. Qe4 Rad8 19. Rc2 Rd7 20. Rd2 Rxd2 21.
Ncxd2 Na5 22. Rc1 Rc8 23. Rc2 g5 24. h3 h6 25. Nd4 Kg7 26. Nb5 Rxc2 27. Qxc2
Qc6 28. Qd3 Qc1+ 29. Kh2 Qc5 30. Nf3 h5 31. Kg3 h4+ 32. Kh2 Qxf2 33. Nbd4 Qg3+
34. Kh1 g4 35. Ne2 Qf2 36. hxg4 h3 37. gxh3 Nxb3 38. Ned4 Nxd4 39. Nxd4 Bc5 40.
Nf3 Be3 41. Qe4 b3 0-1

[Event "2BLO 2122 MSA Zugzwang - Nickelhütte A"]
[Site "?"]
[Date "2022.05.01"]
[Round "4.5"]
[White "Eichner, Sebastian"]
[Black "Zysk, Robert"]
[Result "1/2-1/2"]
[WhiteElo "2353"]
[BlackElo "2404"]
[PlyCount "84"]
[EventDate "2022.??.??"]

1. e4 e6 2. d4 d5 3. e5 c5 4. c3 Nc6 5. Nf3 Bd7 6. Bd3 Rc8 7. O-O cxd4 8. Re1
dxc3 9. Nxc3 h6 10. Bf4 a6 11. Rc1 Bb4 12. Re2 Nge7 13. Na4 b5 14. Nc3 Na5 15.
Rec2 Nc4 16. Ne2 Nc6 17. Ned4 Nxd4 18. Nxd4 Bc5 19. Qg4 g5 20. Bxc4 Bxd4 21.
Bd2 Bxe5 22. Bd3 Rxc2 23. Rxc2 Qe7 24. a4 bxa4 25. h4 a3 26. bxa3 Qxa3 27. Qe2
Qd6 28. Bxa6 Bf6 29. Bb5 O-O 30. Bxd7 Qxd7 31. hxg5 hxg5 32. Qh5 Rc8 33. Bxg5
Bg7 34. Re2 d4 35. Bh6 d3 36. Bxg7 Kxg7 37. Re3 d2 38. Rg3+ Kf8 39. Qh8+ Ke7
40. Qh4+ Kf8 41. Qh8+ Ke7 42. Qh4+ Kf8 1/2-1/2

[Event "2BLO 2122 MSA Zugzwang - Nickelhütte A"]
[Site "?"]
[Date "2022.05.01"]
[Round "4.6"]
[White "Gerigk, Erasmus"]
[Black "Spiess, Gunter"]
[Result "1/2-1/2"]
[WhiteElo "2328"]
[BlackElo "2388"]
[PlyCount "99"]
[EventDate "2022.??.??"]

1. e4 e6 2. d4 d5 3. Nd2 c5 4. Ngf3 cxd4 5. Nxd4 Nc6 6. Bb5 Bd7 7. Nxc6 bxc6 8.
Bd3 Qc7 9. Qe2 Ne7 10. Nf3 Ng6 11. e5 Be7 12. O-O O-O 13. h4 f5 14. h5 Nh8 15.
c4 c5 16. Bf4 d4 17. b4 Be8 18. h6 Bh5 19. hxg7 Kxg7 20. Qd2 Bxf3 21. Bh6+ Kf7
22. Bxf8 Rxf8 23. gxf3 Rg8+ 24. Kh1 Qxe5 25. Rg1 cxb4 26. Rxg8 Kxg8 27. Re1 Qf6
28. c5 Ng6 29. Qh6 Bf8 30. Qh2 Bxc5 31. Bc4 Nf8 32. Qe5 Qxe5 33. Rxe5 Bb6 34.
Rxf5 Kg7 35. Rb5 Kf6 36. Bd3 h6 37. Kg2 Nd7 38. Rxb4 e5 39. Rb1 Nf8 40. Rc1 Ne6
41. Rc6 Ke7 42. Kf1 Nf4 43. Bc4 h5 44. Ke1 Ba5+ 45. Kd1 Bb6 46. Kd2 Ba5+ 47.
Kd1 Bb6 48. Rh6 Bc5 49. Kc2 a5 50. a4 1/2-1/2

[Event "2BLO 2122 MSA Zugzwang - Nickelhütte A"]
[Site "?"]
[Date "2022.05.01"]
[Round "4.7"]
[White "Wichmann, Cliff"]
[Black "Lammers, Markus"]
[Result "1-0"]
[WhiteElo "2303"]
[BlackElo "2292"]
[PlyCount "105"]
[EventDate "2022.??.??"]

1. d4 d5 2. Nf3 Nf6 3. e3 e6 4. Bd3 Ne4 5. Bxe4 dxe4 6. Nfd2 f5 7. O-O c5 8.
Nc4 Nc6 9. dxc5 Qxd1 10. Rxd1 Bxc5 11. a3 a5 12. Nc3 a4 13. Nb5 Ke7 14. Bd2 b6
15. Nd4 Bd7 16. Bc3 Rhg8 17. Rd2 Bxd4 18. exd4 b5 19. Nb6 Rad8 20. d5 exd5 21.
Rxd5 Be6 22. Rxb5 Nd4 23. Bb4+ Kf7 24. Rc5 f4 25. Nxa4 f3 26. Re1 Ne2+ 27. Kf1
Nf4 28. Rxe4 Rd1+ 29. Be1 Nxg2 30. Rc7+ Kf6 31. Rc6 Rxe1+ 32. Rxe1 Nxe1 33.
Kxe1 Ke5 34. Rc3 Bd5 35. Re3+ Kf4 36. Nb6 Be4 37. Nc4 g5 38. Nd2 Bxc2 39. Rxf3+
Ke5 40. Rc3 Bf5 41. Nc4+ Kd4 42. Ne3 Be6 43. Rc6 Re8 44. Kd2 g4 45. b4 h5 46.
b5 Bb3 47. Rc3 Be6 48. b6 Rf8 49. Nc2+ Ke5 50. Ke1 Ra8 51. Nb4 Kd6 52. b7 Re8
53. Kd2 1-0

[Event "2BLO 2122 MSA Zugzwang - Nickelhütte A"]
[Site "?"]
[Date "2022.05.01"]
[Round "4.8"]
[White "Brychcy, Felix"]
[Black "Bulockin, Martin"]
[Result "0-1"]
[WhiteElo "2063"]
[BlackElo "2289"]
[PlyCount "66"]
[EventDate "2022.??.??"]

1. e4 c5 2. d4 cxd4 3. c3 d3 4. Bxd3 Nc6 5. c4 d6 6. h3 g6 7. Nf3 Bg7 8. O-O
Nf6 9. Nc3 O-O 10. Be3 Be6 11. Ng5 Ne5 12. Nxe6 fxe6 13. Be2 Qc8 14. b3 Ned7
15. Rc1 Qc6 16. Nd5 Rf7 17. Nf4 Bh6 18. f3 Nh5 19. Nd5 Bxe3+ 20. Nxe3 Qc5 21.
Qd2 Qg5 22. Rfd1 Nf4 23. Kh2 Ne5 24. Rc3 Raf8 25. Qe1 h5 26. Rd2 h4 27. Bd1 Nh5
28. Nf1 b6 29. Qe3 Rf4 30. a4 Nc6 31. Rc1 Ng3 32. Nxg3 hxg3+ 33. Kg1 Rxf3 0-1

[Event "2BLO 2122 FC Bayern München II - SG 18"]
[Site "?"]
[Date "2022.05.01"]
[Round "4.1"]
[White "Pallas, Sebastian"]
[Black "Belezky, Alexander"]
[Result "0-1"]
[WhiteElo "2248"]
[BlackElo "2355"]
[PlyCount "126"]
[EventDate "2022.??.??"]

1. e4 e6 2. d4 d5 3. Nd2 Be7 4. Ngf3 Nf6 5. Bd3 c5 6. exd5 Nxd5 7. O-O Nb4 8.
Bb5+ Bd7 9. Bxd7+ Nxd7 10. dxc5 Nxc5 11. a3 Nc6 12. Qe2 Qd5 13. Nc4 Rd8 14. Bf4
Qf5 15. Bg3 Ne4 16. Nce5 Nxg3 17. hxg3 Nxe5 18. Nxe5 f6 19. f4 h5 20. Qb5+ Kf8
21. Qc4 Kg8 22. Nd3 h4 23. g4 Qxg4 24. Rae1 Rd6 25. Nf2 Qf5 26. Qc8+ Rd8 27.
Qxe6+ Qxe6 28. Rxe6 Kf7 29. Rfe1 Bc5 30. Kf1 Rd7 31. R6e4 Kg6 32. Nd3 Bb6 33.
Re7 Rhd8 34. Rxd7 Rxd7 35. Re8 Kf5 36. Ke2 Kg4 37. c4 Kg3 38. c5 Bc7 39. Re3+
Kg4 40. Re4 Kg3 41. f5 Bd8 42. Re3+ Kg4 43. Rf3 Rd5 44. Nf2+ Kh5 45. b4 Bc7 46.
Ke3 Bg3 47. Ne4 Kg4 48. b5 Bh2 49. Nf2+ Kh5 50. Nd3 Kg5 51. Ke4 Rd8 52. Rf1 Bc7
53. Nb4 Re8+ 54. Kd4 Re2 55. Nd5 Be5+ 56. Kd3 Rxg2 57. c6 bxc6 58. bxc6 h3 59.
c7 Bxc7 60. Nxc7 h2 61. Ne6+ Kg4 62. Nd4 Rg1 63. Nf3 Rg3 0-1

[Event "2BLO 2122 FC Bayern München II - SG 18"]
[Site "?"]
[Date "2022.05.01"]
[Round "4.2"]
[White "Zajogin, Alexander"]
[Black "Niegsch, Nicolas"]
[Result "1-0"]
[WhiteElo "2394"]
[BlackElo "2302"]
[PlyCount "65"]
[EventDate "2022.??.??"]

1. d4 d5 2. c4 e6 3. Nc3 c5 4. cxd5 exd5 5. Nf3 Nc6 6. g3 Nf6 7. Bg2 Be7 8. O-O
O-O 9. Bg5 c4 10. Ne5 Be6 11. Qd2 h6 12. Bxf6 Bxf6 13. f4 Ne7 14. e4 dxe4 15.
Nxe4 Nf5 16. d5 Bxd5 17. Nxf6+ gxf6 18. Bxd5 fxe5 19. fxe5 Qb6+ 20. Kh1 Ne3 21.
Rf6 Qc5 22. Rg6+ Kh7 23. Rd6 Rae8 24. Rf1 Rxe5 25. Rxf7+ Rxf7 26. Bxf7 Kg7 27.
Be6 Nd5 28. Rxd5 Qf8 29. Rd7+ Kg6 30. Bf7+ Kh7 31. Qc2+ Kh8 32. Qg6 Re8 33.
Qf6+ 1-0

[Event "2BLO 2122 FC Bayern München II - SG 18"]
[Site "?"]
[Date "2022.05.01"]
[Round "4.3"]
[White "Reizniece-Ozola, Dana"]
[Black "Singer, Christoph"]
[Result "1-0"]
[WhiteElo "2269"]
[BlackElo "2344"]
[PlyCount "139"]
[EventDate "2022.??.??"]

1. c4 e6 2. Nf3 d5 3. b3 Nf6 4. g3 b6 5. Bg2 Bb7 6. O-O Nbd7 7. e3 Bd6 8. Nc3
O-O 9. Bb2 c5 10. d3 Re8 11. Ne1 Rc8 12. f4 h5 13. h3 Bc6 14. cxd5 exd5 15. e4
d4 16. Nb1 Bb8 17. Nd2 g6 18. Nef3 Nh7 19. b4 Bb5 20. Qb3 Ba6 21. b5 Bb7 22.
Rae1 Qe7 23. Nc4 Nhf8 24. a4 Bc7 25. Bc1 a5 26. Qa2 Nh7 27. Nh4 Ndf8 28. e5
Bxg2 29. Qxg2 f5 30. Re2 Kg7 31. Rfe1 Ne6 32. Bd2 Nhf8 33. Qb7 Rb8 34. Qc6 Qd7
35. Qg2 Qe7 36. Nf3 Kh8 37. g4 fxg4 38. hxg4 Nh7 39. Qh3 Rg8 40. Kh1 Rbf8 41.
Re4 hxg4 42. Qxg4 Rf5 43. R1e2 Rh5+ 44. Rh2 Rxh2+ 45. Kxh2 Rg7 46. Kh1 Nhf8 47.
Be1 Rh7+ 48. Kg1 Qg7 49. Ng5 Nxg5 50. fxg5 Qe7 51. e6 Rh5 52. Bh4 Kg8 53. Re2
Rh7 54. Qe4 Rh5 55. Rf2 Bd8 56. Rf7 Rxh4 57. Qxh4 Qxe6 58. Rb7 Qf5 59. Qg3 Bxg5
60. Rxb6 Bf4 61. Qf3 Be3+ 62. Kg2 Qxd3 63. Rb8 Qc2+ 64. Kh3 Bh6 65. Ne5 Qa2 66.
b6 Qe6+ 67. Ng4 Kh7 68. Rxf8 Bxf8 69. Qxf8 Qb3+ 70. Kh4 1-0

[Event "2BLO 2122 FC Bayern München II - SG 18"]
[Site "?"]
[Date "2022.05.01"]
[Round "4.4"]
[White "Unzicker, Ferdinand"]
[Black "Schuetze, Norman"]
[Result "1-0"]
[WhiteElo "2329"]
[BlackElo "2294"]
[PlyCount "111"]
[EventDate "2022.??.??"]

1. d4 Nf6 2. c4 e6 3. Nc3 Bb4 4. e3 d5 5. a3 Bxc3+ 6. bxc3 c6 7. a4 O-O 8. Nf3
b6 9. cxd5 cxd5 10. Qb3 Qc7 11. Ba3 Re8 12. c4 Ba6 13. Rc1 dxc4 14. Bxc4 Bxc4
15. Rxc4 Qb7 16. Qc2 Nbd7 17. O-O Rac8 18. Rc1 Rxc4 19. Qxc4 h6 20. h3 a6 21.
Qc6 Rb8 22. Bd6 Qxc6 23. Rxc6 Rb7 24. Nd2 Kh7 25. f3 a5 26. e4 b5 27. axb5 Rxb5
28. Ra6 Nb6 29. Kf2 Nfd7 30. Ke3 Nc8 31. Ba3 Ncb6 32. Ra7 Kg6 33. Kd3 h5 34. h4
Kf6 35. Bd6 g5 36. hxg5+ Rxg5 37. g3 a4 38. Nc4 Rb5 39. Nxb6 Rb3+ 40. Kc2 Nxb6
41. Be7+ Kg6 42. Bc5 Rxf3 43. Bxb6 Rxg3 44. d5 exd5 45. exd5 h4 46. d6 h3 47.
Rxa4 Rg2+ 48. Kc3 Rg3+ 49. Kc4 Rg4+ 50. Bd4 Kf5 51. Kd5 h2 52. Ra1 Rg5 53. Rh1
Kf4+ 54. Kc6 Kg3 55. d7 Kg2 56. Rxh2+ 1-0

[Event "2BLO 2122 FC Bayern München II - SG 18"]
[Site "?"]
[Date "2022.05.01"]
[Round "4.5"]
[White "Post, Hugo"]
[Black "Hoeglauer, Patrick"]
[Result "1-0"]
[WhiteElo "2184"]
[BlackElo "2268"]
[PlyCount "77"]
[EventDate "2022.??.??"]

1. e4 c5 2. Nf3 e6 3. d4 cxd4 4. Nxd4 a6 5. c4 Nf6 6. Nc3 Qc7 7. a3 b6 8. Be3
Bb7 9. f3 Be7 10. Be2 d6 11. O-O Nbd7 12. Qd2 Rc8 13. Rac1 Qb8 14. b4 Bd8 15.
Kh1 Bc7 16. Bg1 O-O 17. Rc2 Rfe8 18. Nb3 d5 19. exd5 Bf4 20. Qd1 exd5 21. Nxd5
Nxd5 22. cxd5 Qe5 23. Bc4 Nf6 24. Nc1 Nh5 25. Ne2 b5 26. Nxf4 Nxf4 27. d6 Rxc4
28. Rxc4 bxc4 29. d7 Rd8 30. Re1 Qb8 31. Ba7 Qa8 32. Bb6 Ne6 33. Qd6 Rf8 34.
Qe7 Bc6 35. Rxe6 fxe6 36. Bd4 Rf7 37. d8=Q+ Qxd8 38. Qxd8+ Rf8 39. Qc7 1-0

[Event "2BLO 2122 FC Bayern München II - SG 18"]
[Site "?"]
[Date "2022.05.01"]
[Round "4.6"]
[White "Schenk, Andreas"]
[Black "Mertens, Fridolin"]
[Result "1-0"]
[WhiteElo "2418"]
[BlackElo "2119"]
[PlyCount "95"]
[EventDate "2022.??.??"]

1. d4 Nf6 2. c4 g6 3. Nc3 Bg7 4. e4 d6 5. Nf3 O-O 6. Be2 Nbd7 7. O-O c6 8. Re1
e5 9. Bf1 Qe7 10. Rb1 a5 11. a3 exd4 12. Nxd4 Nc5 13. f3 a4 14. Be3 Rd8 15. Bf2
Be6 16. Nf5 Bxf5 17. exf5 Qc7 18. Qc2 Nfd7 19. Rbd1 Be5 20. g3 Bg7 21. f4 Bf8
22. Kh1 Qa5 23. fxg6 hxg6 24. f5 Ne5 25. Bd4 Ncd7 26. fxg6 Nxg6 27. Ne4 Re8 28.
Bh3 d5 29. Bc3 Qb6 30. cxd5 cxd5 31. Rxd5 Nde5 32. Bg2 Rad8 33. Rxd8 Rxd8 34.
Qxa4 Bg7 35. Qa5 Qxa5 36. Bxa5 Rd3 37. Bc3 Nc4 38. Bf1 Bxc3 39. Nxc3 Re3 40.
Rxe3 Nxe3 41. Kg1 Ne5 42. Be2 Kf8 43. Kf2 Nc2 44. Nb5 Ke7 45. h4 Kf6 46. b3 b6
47. Bd1 Na1 48. Ke3 1-0

[Event "2BLO 2122 FC Bayern München II - SG 18"]
[Site "?"]
[Date "2022.05.01"]
[Round "4.7"]
[White "Boehm, Christian"]
[Black "Rodewis, Thomas"]
[Result "1/2-1/2"]
[WhiteElo "2063"]
[BlackElo "2384"]
[PlyCount "154"]
[EventDate "2022.??.??"]

1. e4 c5 2. Nf3 e6 3. d3 Nc6 4. g3 g6 5. Bg2 Bg7 6. O-O Nge7 7. Re1 O-O 8. c3
f5 9. Nbd2 Qc7 10. exf5 Nxf5 11. Nc4 b5 12. Nce5 Nxe5 13. Nxe5 Bb7 14. Nf3 Bc6
15. Ng5 Bxg2 16. Kxg2 Qc6+ 17. Kg1 b4 18. Bd2 bxc3 19. bxc3 Rab8 20. Rb1 Qd5
21. Qc2 c4 22. d4 Rb6 23. Rxb6 axb6 24. Qe4 Ne7 25. Qh4 h6 26. Ne4 Nf5 27. Qg4
Kh7 28. Bf4 d6 29. h4 e5 30. dxe5 dxe5 31. Bc1 h5 32. Qf3 Kh8 33. Rd1 Qc6 34.
Qe2 b5 35. Bg5 Rc8 36. g4 hxg4 37. Qxg4 Rf8 38. h5 Kh7 39. Kg2 gxh5 40. Qxh5+
Kg8 41. Qg4 Qg6 42. f3 Ra8 43. Rd2 Ra7 44. Kg1 Bf8 45. Bf6 Qxg4+ 46. fxg4 Ne3
47. Bxe5 Re7 48. Nf6+ Kf7 49. Bd4 Bh6 50. Rf2 Nd1 51. Rf3 Kg6 52. Nd5 Rd7 53.
Nf4+ Kg5 54. Rf1 Kxg4 55. Ng6 Rxd4 56. cxd4 Nc3 57. Ne5+ Kh4 58. Kg2 Be3 59.
Rf3 Nd5 60. Rf5 Ne7 61. Nf3+ Kg4 62. Rxb5 c3 63. Rc5 Ng6 64. Nh2+ Kf4 65. Rxc3
Bxd4 66. Rc4 Ke3 67. a4 Nf4+ 68. Kf1 Kd3 69. Rc8 Bc3 70. Kf2 Nd5 71. Nf3 Nb6
72. Rd8+ Kc4 73. Nd2+ Bxd2 74. Rxd2 Nxa4 75. Ke3 Nc5 76. Rc2+ Kd5 77. Rxc5+
Kxc5 1/2-1/2

[Event "2BLO 2122 FC Bayern München II - SG 18"]
[Site "?"]
[Date "2022.05.01"]
[Round "4.8"]
[White "Lentrodt, Thomas"]
[Black "Proehl, Holger"]
[Result "1/2-1/2"]
[WhiteElo "2253"]
[BlackElo "2332"]
[PlyCount "138"]
[EventDate "2022.??.??"]

1. d4 Nf6 2. Nf3 b5 3. Bg5 Bb7 4. e3 a6 5. Nbd2 e6 6. Nb3 h6 7. Bh4 Be7 8. a4
b4 9. h3 a5 10. Bd3 O-O 11. O-O d6 12. Qe2 Ne4 13. Bxe7 Qxe7 14. Nfd2 Nxd2 15.
Nxd2 e5 16. Qh5 Nd7 17. c3 Nf6 18. Qh4 e4 19. Bc2 Rfe8 20. c4 d5 21. cxd5 Bxd5
22. Bb3 Bxb3 23. Nxb3 Qe6 24. Nc5 Qd5 25. Qf4 Re7 26. Rfc1 Ne8 27. Rc2 Nd6 28.
Rac1 Kh7 29. g4 Kg8 30. Kh2 f6 31. Rg1 Kf7 32. h4 g5 33. Qg3 Kg7 34. Kg2 Nf7
35. Rh1 Rc8 36. f3 gxh4 37. Rxh4 exf3+ 38. Qxf3 Qg5 39. Rh3 Qg6 40. Qf5 Qxf5
41. gxf5 Nd6 42. Rf3 Kh7 43. Kf2 Rg8 44. Ne6 Ne4+ 45. Kf1 Ng5 46. Rf4 Nxe6 47.
fxe6 Rxe6 48. Rxc7+ Rg7 49. Rxg7+ Kxg7 50. Ke2 Kg6 51. Kd3 h5 52. d5 Re5 53.
Kd4 Kf7 54. e4 Rg5 55. Kc5 Ke7 56. Kb5 Rg4 57. Rf5 Rxe4 58. Rxh5 Re2 59. Kxa5
Rxb2 60. Kb5 b3 61. Rh3 Rb1 62. a5 Kd6 63. Rf3 Kxd5 64. Rxf6 Ra1 65. Rf2 Ra2
66. Rf1 b2 67. Rb1 Kd4 68. a6 Kd3 69. Kb6 Rxa6+ 1/2-1/2

[Event "2BLO 2122 Erfurter SK - MSA Zugzwang"]
[Site "?"]
[Date "2022.05.14"]
[Round "5.1"]
[White "Mons, Leon"]
[Black "Romanov, Evgeny"]
[Result "0-1"]
[WhiteElo "2541"]
[BlackElo "2573"]
[PlyCount "92"]
[EventDate "2022.??.??"]

1. d4 Nf6 2. c4 e6 3. g3 Bb4+ 4. Nd2 Ne4 5. Bg2 Nxd2 6. Bxd2 Bxd2+ 7. Qxd2 d6
8. e3 a5 9. Ne2 O-O 10. O-O c6 11. Nc3 a4 12. Rfd1 Nd7 13. b3 axb3 14. axb3
Rxa1 15. Rxa1 Qb6 16. Ne4 d5 17. c5 Qxb3 18. Nc3 e5 19. Bf3 exd4 20. exd4 b5
21. cxb6 Nxb6 22. Rb1 Nc4 23. Qc1 Qa3 24. Qxa3 Nxa3 25. Rc1 Re8 26. Kg2 g5 27.
h3 Bf5 28. Bg4 Bxg4 29. hxg4 Nb5 30. Kf1 Nxd4 31. Nd1 Re6 32. Ne3 Nb3 33. Rd1
Re4 34. Nf5 Kf8 35. Kg2 Rb4 36. Rb1 c5 37. Rh1 d4 38. Rxh7 Ke8 39. Nd6+ Ke7 40.
Nxf7 Kf6 41. Nd6 d3 42. Rh6+ Ke5 43. Nf7+ Kd4 44. Nxg5 Kc3 45. Rd6 d2 46. Nf3
Rxg4 0-1

[Event "2BLO 2122 Erfurter SK - MSA Zugzwang"]
[Site "?"]
[Date "2022.05.14"]
[Round "5.2"]
[White "Votava, Jan"]
[Black "Shengelia, David"]
[Result "1/2-1/2"]
[WhiteElo "2484"]
[BlackElo "2484"]
[PlyCount "113"]
[EventDate "2022.??.??"]

1. d4 Nf6 2. c4 e6 3. Nf3 b6 4. g3 Bb7 5. Bg2 Bb4+ 6. Bd2 Bxd2+ 7. Qxd2 c6 8.
Nc3 d5 9. O-O O-O 10. cxd5 cxd5 11. Ne5 Nc6 12. f4 Rc8 13. h3 Ne8 14. Rac1 Nd6
15. b3 Ne7 16. g4 f6 17. Nd3 Ne4 18. Nxe4 dxe4 19. e3 Qd7 20. Nb2 b5 21. a4 a6
22. axb5 axb5 23. Rxc8 Rxc8 24. Rc1 Bd5 25. b4 Ra8 26. Nd1 Qd6 27. Nc3 Qxb4 28.
Rb1 Qa3 29. Nxb5 Qd3 30. Qxd3 exd3 31. Nc7 Ra3 32. Nxd5 Nxd5 33. Bxd5 exd5 34.
Rd1 h5 35. Kf2 h4 36. Kf3 Kh7 37. f5 Kh6 38. Rd2 Ra1 39. e4 dxe4+ 40. Kxe4 Re1+
41. Kf3 g6 42. fxg6 Kxg6 43. d5 f5 44. d6 fxg4+ 45. hxg4 Kf7 46. Rxd3 Ke8 47.
Kf4 Rg1 48. g5 Kd7 49. Kf5 Rg3 50. Rd4 h3 51. Rh4 Kxd6 52. Rh7 Rf3+ 53. Kg4 Ra3
54. Kf5 Rf3+ 55. Kg6 Ke5 56. Rh5 Rg3 57. Rh8 1/2-1/2

[Event "2BLO 2122 Erfurter SK - MSA Zugzwang"]
[Site "?"]
[Date "2022.05.14"]
[Round "5.3"]
[White "Bromberger, Stefan"]
[Black "Haba, Petr"]
[Result "1/2-1/2"]
[WhiteElo "2481"]
[BlackElo "2446"]
[PlyCount "70"]
[EventDate "2022.??.??"]

1. Nf3 d5 2. d4 Nf6 3. c4 c6 4. Nc3 a6 5. a4 e6 6. Bg5 a5 7. e3 Be7 8. Qb3 Na6
9. Be2 Nb4 10. O-O h6 11. Bh4 O-O 12. Rac1 g5 13. Bg3 Nh5 14. Be5 f6 15. Ne1
Ng7 16. Bg3 Nf5 17. Nd3 h5 18. cxd5 exd5 19. Nxb4 axb4 20. Bc7 Qxc7 21. Nxd5
Be6 22. Nxc7 Bxb3 23. Nxa8 Rxa8 24. Bxh5 Rxa4 25. Ra1 Ra2 26. Rxa2 Bxa2 27. Ra1
b3 28. Bg4 Nd6 29. Be6+ Kg7 30. Rd1 f5 31. Rd3 Bb1 32. Rxb3 Nb5 33. Bc4 Bc2 34.
Rxb5 cxb5 35. Bxb5 Bd6 {(=)} 1/2-1/2

[Event "2BLO 2122 Erfurter SK - MSA Zugzwang"]
[Site "?"]
[Date "2022.05.14"]
[Round "5.4"]
[White "Enders, Peter"]
[Black "Kindermann, Stefan"]
[Result "1/2-1/2"]
[WhiteElo "2419"]
[BlackElo "2462"]
[PlyCount "40"]
[EventDate "2022.??.??"]

1. e4 c6 2. f4 d5 3. e5 c5 4. Nf3 Nc6 5. g3 Bg4 6. Bg2 Nd4 7. d3 Nxf3+ 8. Bxf3
Bxf3 9. Qxf3 e6 10. Nc3 Ne7 11. Bd2 Nc6 12. O-O-O Qd7 13. Kb1 O-O-O 14. Bc1 Be7
15. Rhf1 f6 16. exf6 Bxf6 17. Rde1 Rhe8 18. Qf2 Bd4 19. Qg2 g6 20. Nd1 Bh8 {(=)
} 1/2-1/2

[Event "2BLO 2122 Erfurter SK - MSA Zugzwang"]
[Site "?"]
[Date "2022.05.14"]
[Round "5.5"]
[White "Hertneck, Gerald"]
[Black "Weishaeutel, Moritz"]
[Result "1/2-1/2"]
[WhiteElo "2478"]
[BlackElo "2406"]
[PlyCount "99"]
[EventDate "2022.??.??"]

1. d4 Nf6 2. c4 c5 3. d5 b5 4. cxb5 a6 5. f3 axb5 6. e4 Qa5+ 7. Bd2 Qb6 8. Qb3
e6 9. dxe6 fxe6 10. Bxb5 Be7 11. Na3 O-O 12. Nc4 Qa7 13. e5 Nd5 14. Ne2 Nc7 15.
Nc3 Bb7 16. O-O Nc6 17. Bxc6 Bxc6 18. Qc2 Qa6 19. b3 Rfb8 20. Ne4 Nb5 21. Be3
Nd4 22. Qd3 Bxe4 23. fxe4 Qa7 24. Bxd4 cxd4 25. Rf2 Rf8 26. Raf1 Rxf2 27. Rxf2
Rf8 28. Rxf8+ Bxf8 29. a4 Bb4 30. Kf1 Bc3 31. Nd6 h6 32. Qc4 Bb2 33. Ke2 d3+
34. Qxd3 Bxe5 35. Nc4 Bxh2 36. Qe3 Qb7 37. g3 d5 38. Nd2 Qc7 39. exd5 exd5 40.
Kf2 Qc1 41. Nf1 Qb2+ 42. Qd2 Bxg3+ 43. Kxg3 Qxb3+ 44. Ne3 Qxa4 45. Qxd5+ Kh8
46. Qe5 Qb3 47. Kh4 Qf7 48. Ng4 h5 49. Qxh5+ Qxh5+ 50. Kxh5 {(=)} 1/2-1/2

[Event "2BLO 2122 Erfurter SK - MSA Zugzwang"]
[Site "?"]
[Date "2022.05.14"]
[Round "5.7"]
[White "Hoffmeyer, Falk"]
[Black "Scheftlein, Richard"]
[Result "1/2-1/2"]
[WhiteElo "2338"]
[BlackElo "2243"]
[PlyCount "62"]
[EventDate "2022.??.??"]

1. d4 Nf6 2. Nf3 e6 3. Bf4 c5 4. e3 Be7 5. h3 O-O 6. c3 b6 7. Nbd2 Ba6 8. Bxa6
Nxa6 9. O-O d5 10. Ne5 Nb8 11. Qf3 Nfd7 12. Nxd7 Nxd7 13. Rfd1 cxd4 14. exd4
Bg5 15. Re1 b5 16. Bxg5 Qxg5 17. Qd3 Rab8 18. a3 a5 19. Nb3 Qd8 20. f4 a4 21.
Nd2 Nb6 22. Re2 Nc4 23. Nf3 Qf6 24. Ne5 Rb7 25. Rf1 Nd6 26. Qf3 Ne4 27. Kh2 Qd8
28. g3 f6 29. Nd3 Re7 30. Nf2 Nd6 31. Rfe1 Rfe8 {(=)} 1/2-1/2

[Event "2BLO 2122 Erfurter SK - MSA Zugzwang"]
[Site "?"]
[Date "2022.05.14"]
[Round "5.8"]
[White "Casper, Thomas"]
[Black "Brychcy, Felix"]
[Result "1-0"]
[WhiteElo "2346"]
[BlackElo "2063"]
[PlyCount "145"]
[EventDate "2022.??.??"]

1. e4 e6 2. d4 d5 3. exd5 exd5 4. Nf3 Nf6 5. c4 Bb4+ 6. Nc3 dxc4 7. Bxc4 O-O 8.
O-O Bg4 9. h3 Bxf3 10. Qxf3 Nc6 11. Be3 Nxd4 12. Qxb7 Nc2 13. Rad1 Qb8 14. Qxb8
Raxb8 15. Bxa7 Rb7 16. Bd4 Nxd4 17. Rxd4 Bd6 18. b3 Re8 19. Rfd1 Re5 20. Nd5
Nxd5 21. Rxd5 Rxd5 22. Rxd5 Ra7 23. a4 Kf8 24. a5 Ke7 25. a6 c6 26. Rd2 Bc5 27.
g3 Ke8 28. Kg2 f6 29. Rc2 Bd4 30. Bd3 Kd7 31. Rc4 Bb6 32. Rb4 Kc7 33. h4 Bc5
34. Ra4 h6 35. h5 Kd6 36. Rg4 Re7 37. Kf3 Kc7 38. Rc4 Bb6 39. Be4 Re6 40. Kg2
Rd6 41. Rc2 Ba7 42. Bf3 Re6 43. Kh3 Kb6 44. Be2 Re5 45. Kg4 Rg5+ 46. Kh4 Kc7
47. f4 Rc5 48. Bc4 Ra5 49. Re2 Kd7 50. Be6+ Kd6 51. Kg4 Rxa6 52. Kf5 Bd4 53.
Kg6 Ra5 54. Bf7 f5 55. Rd2 c5 56. Kxf5 Ke7 57. Bc4 Ra7 58. Re2+ Kf8 59. g4 Re7
60. Ra2 Bf6 61. Ra6 Bd4 62. Rd6 Ke8 63. b4 Rb7 64. b5 Ke7 65. Ra6 Kd8 66. b6
Kd7 67. Ra7 Kc6 68. Bd5+ Kxd5 69. Rxb7 Kc6 70. Rb8 Kb5 71. g5 hxg5 72. fxg5 c4
73. b7 1-0